<?xml version="1.0" encoding="UTF-8"?>
<record
    xmlns:xsi="http://www.w3.org/2001/XMLSchema-instance"
    xsi:schemaLocation="http://www.loc.gov/MARC21/slim http://www.loc.gov/standards/marcxml/schema/MARC21slim.xsd"
    xmlns="http://www.loc.gov/MARC21/slim">

  <leader>01297nam a22002057a 4500</leader>
  <datafield tag="999" ind1=" " ind2=" ">
    <subfield code="c">358462</subfield>
    <subfield code="d">358463</subfield>
  </datafield>
  <controlfield tag="003">IT-MiCISF</controlfield>
  <controlfield tag="005">20190731152620.0</controlfield>
  <controlfield tag="008">190731b           ||||| |||| 00| 0 eng d</controlfield>
  <datafield tag="040" ind1=" " ind2=" ">
    <subfield code="c">IT-MiCISF</subfield>
  </datafield>
  <datafield tag="041" ind1=" " ind2=" ">
    <subfield code="a">it</subfield>
  </datafield>
  <datafield tag="100" ind1=" " ind2=" ">
    <subfield code="a">Trilling Daniel</subfield>
    <subfield code="9">57995</subfield>
  </datafield>
  <datafield tag="245" ind1=" " ind2=" ">
    <subfield code="a">Luci in lontananza</subfield>
    <subfield code="b">Storie di migranti ai confini d'Europa</subfield>
  </datafield>
  <datafield tag="260" ind1=" " ind2=" ">
    <subfield code="a">Venezia</subfield>
    <subfield code="b">Marsilio</subfield>
    <subfield code="c">2019</subfield>
  </datafield>
  <datafield tag="300" ind1=" " ind2=" ">
    <subfield code="a">pp. 270</subfield>
  </datafield>
  <datafield tag="500" ind1=" " ind2=" ">
    <subfield code="a">societ&#xE0;-multiculturale, famiglia-migranti, storia, esperienze</subfield>
  </datafield>
  <datafield tag="520" ind1=" " ind2=" ">
    <subfield code="a">Mettendo al centro le singole testimonianze di migranti e seguendone gli spostamenti attraverso citt&#xE0;, Stati e continenti, l&#x2019;autore traccia una cartografia della migrazione e dell'Europa chiusa da confini nazionali, dove il mito dell'Unione europea garante di pace tra le nazioni e prosperit&#xE0; si sta sfaldando di fronte all'incapacit&#xE0; di tutelare quei principi di tolleranza e rispetto per i diritti umani su cui &#xE8; stata fondata. In questo percorso l'autore include la sua stessa famiglia, scappata prima dalla Russia scossa dalla guerra civile e poi dalla Germania nazista. Perch&#xE9; ogni identit&#xE0;, ogni senso di appartenenza &#xE8; frutto di un dislocamento precedente, del desiderio di approdare, un giorno, a un porto sicuro. </subfield>
  </datafield>
  <datafield tag="650" ind1=" " ind2=" ">
    <subfield code="a">societ&#xE0;</subfield>
    <subfield code="9">56109</subfield>
  </datafield>
  <datafield tag="654" ind1=" " ind2=" ">
    <subfield code="a">testimonianza</subfield>
  </datafield>
  <datafield tag="942" ind1=" " ind2=" ">
    <subfield code="2">ddc</subfield>
    <subfield code="c">BK</subfield>
  </datafield>
  <datafield tag="952" ind1=" " ind2=" ">
    <subfield code="0">0</subfield>
    <subfield code="1">0</subfield>
    <subfield code="2">ddc</subfield>
    <subfield code="4">0</subfield>
    <subfield code="6">B_7542_000000000000000</subfield>
    <subfield code="7">1</subfield>
    <subfield code="a">CISF</subfield>
    <subfield code="b">CISF</subfield>
    <subfield code="d">2019-07-31</subfield>
    <subfield code="l">0</subfield>
    <subfield code="o">b7542</subfield>
    <subfield code="p">9788829700240</subfield>
    <subfield code="r">2019-07-31 00:00:00</subfield>
    <subfield code="w">2019-07-31</subfield>
    <subfield code="y">BK</subfield>
  </datafield>
</record>
